|
|
|
|
| LEADER |
00000nam a22000005a 4500 |
| 001 |
17005 |
| 003 |
CL-ChBUA |
| 005 |
20120815103625.0 |
| 008 |
070301s1956 sp 000 0 spa |
| 040 |
|
|
|a CL-ChBUA
|c CL-ChBUA
|
| 082 |
0 |
0 |
|a 371.914
|
| 090 |
|
|
|c 17005
|d 17005
|
| 100 |
1 |
|
|a Ordoñez, Jesús.
|
| 245 |
1 |
0 |
|a La tartamudez Método de correción infantil
|
| 260 |
|
|
|b Studium.
|a Madrid.
|c 1956.
|
| 650 |
|
4 |
|a TARTAMUDEZ.
|
| 650 |
|
4 |
|a LENGUAJE - TRASTORNO.
|
| 942 |
|
|
|c LIB
|
| 952 |
|
|
|0 0
|1 0
|4 0
|7 0
|9 23554
|a UNACH
|b UNACH
|c 300
|d 2007-03-05
|i 2.946.
|l 1
|o 371.914 / Or 65.
|p 24553
|r 2025-06-19 13:01:26
|s 2017-06-13
|u 23554
|w 2012-08-08
|y LIB
|k 371.914 / Or 65.
|
| 999 |
|
|
|c 17005
|d 17005
|